El hombre organización /
Guardado en:
| Autor Principal: | |
|---|---|
| Formato: | Libro |
| Idioma: | Spanish |
| Publicado: |
México :
Fondo de Cultura Económica,
1973, c1956.
|
| Series: | Sección de obras de sociología.
|
| Materias: | |
| Etiquetas: |
Agregar Etiqueta
Sin Etiquetas, Sea el primero en etiquetar este registro!
|
| LEADER | 00653nam a22001815 4500 | ||
|---|---|---|---|
| 001 | EAD.ead002152 | ||
| 008 | 080718t19731956mx#######b####000#0#spa#d | ||
| 005 | 20100914091646.0 | ||
| 245 | 1 | 3 | |a El hombre organización / |c William H. Whyte, Jr. |
| 260 | |a México : |b Fondo de Cultura Económica, |c 1973, c1956. | ||
| 300 | |a 407 p. ; |c 21 cm. | ||
| 490 | 0 | |a Sección de obras de sociología | |
| 504 | |a Incluye referencias bibliográficas e índice. | ||
| 100 | 1 | |a Whyte, William Hollinsgworth. | |
| 830 | 0 | |a Sección de obras de sociología. | |
| 082 | 0 | 4 | |a 301.155 |2 21 |
| 650 | 7 | |a Sociología. |2 unbist | |
| 859 | |a AR-BaBDC |b BIB. ADMINISTRACION - Libros |h 301.155 |i W627 |p b01142 | ||
